00822nam a2200229 a 450000100100000000500170001000800410002704000250006808200260009310000420011924500290016125000110019026000440020130000200024550000620026559000280032765000280035565000310038391000370041495201240045199900170057500001113420240412074223.0091014s2004 dr 000 p spa d aDO-SdBNPbspacBNPHU aRD861.44bP349m, 20041 aPeña, José Alejandrod1964-9792510aMañana, el paraíso/. a2a ed. aVirginia :bEl salvaje refinado,c2004. a76 p. ;c20 cm. aIncluye datos biográficos del autor en la contraportada aInventariado, 2018 / DG 0aPoesía dominicana966 0aLiteratura dominicana.967 aValidado. Control de calidad MFF 0010718PDaPDbPDcHDd2009-10-14iLF1l0oRD861.44 P349m, 2004p11134-10r2020-06-25w2020-06-25yLFPDZNo se presta c10859d10859